Obchodný zákonník s podrobným komentárom pre právnu a podnikateľskú prax (po poslednej novele)

Enregistré dans:
Détails bibliographiques
Auteur principal: Staneková, Eva
Format: Livre
Langue:slovaque
Publié: Bratislava Práca 1996
Édition:2. preprac. vyd.
Sujets:
Tags: Ajouter un tag
Pas de tags, Soyez le premier à ajouter un tag!

MARC

LEADER 00000nam a2200000 4500
001 c015483
005 20250515112220.9
020 |a 80-7094-203-7 
041 0 |a slo 
044 |a SK 
245 1 0 |a Obchodný zákonník s podrobným komentárom pre právnu a podnikateľskú prax (po poslednej novele)  |c Eva Staneková 
250 |a 2. preprac. vyd. 
264 1 |a Bratislava  |b Práca  |c 1996 
300 |a 635 s. 
610 2 0 |a zákonník obchodný 
610 2 0 |a Slovensko 
610 2 0 |a novelizácia 
610 2 0 |a komentáre 
610 2 0 |a podnikanie 
100 1 |a Staneková, Eva